000 00596nam a2200229 a 4500
001 86180
003 BD-RjUL
005 20260217114226.0
008 260217s2018 ii ||||| |||| 00| 0 eng d
020 _a9789387642959
020 _a938764295X
035 _a(BD-RjUL)86180
040 _aBD-RjUL
_beng
_cBD-RjUL
041 _aeng
082 _223
_a634.9
_bANP 2018
100 _aAnthonia, D.
_917728
245 _aPractical guide to forestry /
_cD. Anthonia
260 _aNew Delhi :
_bAgri Horti Press,
_c2018
300 _a320 p.;
_bill.;
_c24 cm.
650 _aForestry
942 _2ddc
_cBK
999 _c86180
_d86180